00765nam a2200205 i 450000100060000000300090000600500170001500700030003200800410003510000260007624500760010226000450017830000210022350500870024474000340033174000360036585200210040199900170042295201200043985018ES-MaACL20230906175150.0t|041124s1936 sp ||||1| spa d1 aJos, Emiliano.96696513aEl General Dumourier en la Guerra de la Independencia / cEmiliano Jos. aMadrid : b[s.n.], c1936 (fC. Bermejo) a46 p. ; c25 cm.8 aContiene también: El Congreso de Americanistas y la Historia del Descubrimiento.3 aEl Congreso de Americanistas.3 aLa Historia del Descubrimiento. aES-MaACLjA-4620 c85018d85018 00104070aATENEOMbATENEOMcSPP1d2008-01-17eSCl0oA-4620p1088845r2023-02-23 00:00:00w2023-02-23yMONOGRAFIA